Alfabetización a partir del nombre propio (Record no. 166327)

MARC details
000 -CABECERA
campo de control de longitud fija 00539nab a2200193 a 4500
005 - FECHA Y HORA DE LA ÚLTIMA TRANSACCIÓN
campo de control 20210223132224.0
008 - ELEMENTOS DE LONGITUD FIJA--INFORMACIÓN GENERAL
campo de control de longitud fija 991125s1985 mx 000 0 spa u
035 ## - NÚMERO DE CONTROL DEL SISTEMA
Número de control de sistema UPN01000194226
100 1# - ASIENTO PRINCIPAL--NOMBRE PERSONAL
Nombre de persona Majchrzak, Irena,
Fechas asociadas al nombre 1927-2011
9 (RLIN) 38052
222 ## - TÍTULO CLAVE
Título clave TRANSATLÁNTICA DE EDUCACION
245 ## - MENCIÓN DE TÍTULO
Título Alfabetización a partir del nombre propio
260 ## - PUBLICACIÓN, DISTRIBUCIÓN, ETC.
Lugar de publicación, distribución, etc. México
300 ## - DESCRIPCIÓN FÍSICA
Extensión 83-87
362 0# - FECHAS DE PUBLICACIÓN Y/O DESIGNACIÓN SECUENCIAL
Fecha de publicación y/o designación secuencial 2007, Vol. 2, no. 2
653 0# - TERMINO DE INDIZACION - NO CONTROLADO
Término no controlado EDUCACION DE ADULTOS
653 0# - TERMINO DE INDIZACION - NO CONTROLADO
Término no controlado ALFABETIZACION
653 0# - TERMINO DE INDIZACION - NO CONTROLADO
Término no controlado METODOS DE ENSEÑANZA
905 ## - TIPO DE MATERIAL
Tipo de material Articulo

No items available.